Länder mit nur einem Vokal - Statistiken

Allgemein
  • Dieses Quiz wurde 7.060 mal gespielt
    6.818 seit der letzten Aktualisierung
  • Das Durchschnittsergebnis liegt bei 7 aus 18
Antwortstatistiken
Vokal Land % Korrekt
A Kanada
71%
A Japan
68%
O Togo
63%
E Jemen
55%
E Schweden
50%
A Ghana
46%
A Panama
46%
I Fidschi
45%
A Malta
41%
A Tschad
39%
A Katar
37%
O Kosovo
37%
A Kasachstan
33%
A Madagaskar
32%
A Bahamas
29%
E Zypern
23%
A Myanmar
17%
E Seychellen
13%
Keine übereinstimmenden Quizze gefunden
Verteilung der Resultate
Anzahl Personen mit jedem Resultat
Perzentil nach korrekt beantworteten Fragen
Ihre Resultats-Entwicklung
Sie haben dieses Quiz seit der letzten Aktualisierung nicht gespielt